书目信息 |
| 题名: |
光度测量技术
|
|
| 作者: | 刘慧 , 杨臣铸 编著 | |
| 分册: | ||
| 出版信息: | 北京 中国计量出版社 2011.01 |
|
| 页数: | 115页 | |
| 开本: | 20cm | |
| 丛书名: | ||
| 单 册: | ||
| 中图分类: | O432.2 | |
| 科图分类: | ||
| 主题词: | 光度学--guang du xue--测量 | |
| 电子资源: | ||
| ISBN: | 978-7-5026-3387-5 | |
| 000 | 00957nam0 2200277 450 | |
| 001 | B20110016956 | |
| 005 | 20110715135841.87 | |
| 010 | @a978-7-5026-3387-5@dCNY15.00 | |
| 100 | @a20110309d2011 km y0chiy50 ea | |
| 101 | 0 | @achi |
| 102 | @aCN@b110000 | |
| 105 | @aak a 000yy | |
| 106 | @ar | |
| 200 | 1 | @a光度测量技术@Aguang du ce liang ji shu@f刘慧, 杨臣铸编著 |
| 210 | @a北京@c中国计量出版社@d2011.01 | |
| 215 | @a115页@c图@d20cm | |
| 320 | @a有书目 (第115页) | |
| 330 | @a本书介绍了光度测量基本知识,发光强度、照度、亮度、光通量测量的工作原理、量值复现的方法、量值传递的方法和体系,以及相应的测试技术和测量不确定度的评估方法。 | |
| 333 | @a光度计量、检测专业人员,照明、电光源、建筑物理等行业相关工作者,高等院校相关专业师生 | |
| 586 | @a | |
| 606 | 0 | @a光度学@Aguang du xue@x测量 |
| 690 | @aO432.2@v5 | |
| 701 | 0 | @a刘慧@Aliu hui@4编著 |
| 701 | 0 | @a杨臣铸@Ayang chen zhu@4编著 |
| 801 | 0 | @aCN@c20110610 |
| 905 | @dO432.2@eL623@f3 | |
| 光度测量技术/刘慧, 杨臣铸编著.-北京:中国计量出版社,2011.01 |
| 115页:图;20cm |
| 使用对象:光度计量、检测专业人员,照明、电光源、建筑物理等行业相关工作者,高等院校相关专业师生 |
| ISBN 978-7-5026-3387-5:CNY15.00 |
| 本书介绍了光度测量基本知识,发光强度、照度、亮度、光通量测量的工作原理、量值复现的方法、量值传递的方法和体系,以及相应的测试技术和测量不确定度的评估方法。 |
| ● |
| 相关链接 |
|
|
|
正题名:光度测量技术
索取号:O432.2/L623
 
预约/预借
| 序号 | 登录号 | 条形码 | 馆藏地/架位号 | 状态 | 备注 |
| 1 | 884309 | 208843091 | 自科库401/401自科库 58排1列4层/ [索取号:O432.2/L623] | 在馆 | |
| 2 | 884310 | 208843108 | 自科库401/401自科库 58排1列4层/ [索取号:O432.2/L623] | 在馆 | |
| 3 | 884311 | 208843117 | 自科库401/401自科库 58排1列4层/ [索取号:O432.2/L623] | 在馆 |